Fictional Gangsters - Statistics

General Stats
  • This quiz has been taken 64 times
  • The average score is 7 of 16
Answer Stats
Character Film/TV Series % Correct
Vito Corleone The Godfather
96%
Tony Montana Scarface
91%
Henry Hill GoodFellas
84%
Uncle Junior The Sopranos
84%
Nicky Santoro Casino
63%
Marsellus Wallace Pulp Fiction
63%
Frank Sheeran The Irishman
43%
Alex De Large A Clockwork Orange
36%
Lefty Ruggiero Donnie Brasco
36%
Fat Tony The Simpsons
36%
Carmine Falcone Batman
34%
Frank Costello The Departed
34%
Bricktop Snatch
21%
Joe Cabot Reservoir Dogs
13%
Caine Lawson Menace II Society
7%
Butch Cavendish Lone Ranger
5%
No matching quizzes found
Score Distribution
Percent of People with Each Score
Percentile by Number Answered
Your Score History
You have not taken this quiz